000
00281nam a22001217a 4500
082
_a
T-188
100
_a
Masood Azam
_9
50829
245
_a
Flood risk management of nullah lai
260
_a
Risalpur,
_b
MCE,
_c
2015.
300
_a
92p.
526
_a
0
_b
0
_c
0
_d
T_188
942
_2
ddc
_c
BK
999
_c
553569
_d
553569